Online
Catalog

Marianik / (Record no. 8590)

MARC details
000 -CABECERA
campo de control de longitud fija 00971cam a2200241 a 4500
001 - NÚMERO DE CONTROL
campo de control 000008821
005 - FECHA Y HORA DE LA ÚLTIMA TRANSACCIÓN
campo de control 20200929161419.0
008 - DATOS DE LONGITUD FIJA--INFORMACIÓN GENERAL
campo de control de longitud fija 870413s1972 ve a 000 f spa d
040 ## - FUENTE DE LA CATALOGACIÓN
Centro catalogador/agencia de origen DO-SdBNP
Centro/agencia modificador BNPHU
082 ## - NÚMERO DE LA CLASIFICACIÓN DECIMAL DEWEY
Número de clasificación V863.44
Número de documento/Ítem B533ma
049 ## - FONDOS LOCALES (OCLC)
Fondos de biblioteca BNGR
100 1# - ENTRADA PRINCIPAL--NOMBRE DE PERSONA
Nombre de persona Berroeta, Pedro,
Fechas asociadas al nombre 1914-
9 (RLIN) 23368
245 10 - MENCIÓN DE TÍTULO
Título Marianik /
Mención de responsabilidad, etc. Pedro Berroeta.
260 ## - PUBLICACIÓN, DISTRIBUCIÓN, ETC.
Lugar de publicación, distribución, etc. Caracas :
Nombre del editor, distribuidor, etc. Monte Ávila,
Fecha de publicación, distribución, etc. 1972.
300 ## - DESCRIPCIÓN FÍSICA
Extensión 138 p. :
Otras características físicas il. ;
Dimensiones 16 cm.
490 1# - MENCIÓN DE SERIE
Mención de serie Biblioteca popular el dorado
Designación de volumen o secuencia 39
505 0# - NOTA DE CONTENIDO CON FORMATO
Nota de contenido con formato Realidad y fantasía -- París, ma grande ville -- La espera -- La muerte detrás de la oreja -- Marianik -- Más allá del recuerdo -- El suicidio de Mónica -- La extraña cañada de Cristo Rey -- El baile -- El bumerang -- Silbaba una vieja canción -- El camión que debía venir.
650 #4 - PUNTO DE ACCESO ADICIONAL DE MATERIA--TÉRMINO DE MATERIA
Término de materia o nombre geográfico como elemento de entrada Novela venezolana
9 (RLIN) 3962
650 #4 - PUNTO DE ACCESO ADICIONAL DE MATERIA--TÉRMINO DE MATERIA
Término de materia o nombre geográfico como elemento de entrada Literatura venezolana
9 (RLIN) 3816
830 #0 - PUNTO DE ACCESO ADICIONAL DE SERIE-TÍTULO UNIFORME
Título uniforme Biblioteca popular el dorado ;
Designación de volumen o secuencia 39
9 (RLIN) 13605
910 ## - DATOS DE OPCIÓN DEL USUARIO (OCLC)
Datos de opción del usuario Catalogación derivada
910 ## - DATOS DE OPCIÓN DEL USUARIO (OCLC)
Datos de opción del usuario WM
Holdings
Estado de retiro Estado de pérdida Restricciones de uso No para préstamo Código de colección Localización permanente Ubicación/localización actual Ubicación en estantería Fecha de adquisición Número de inventario Total de préstamos Signatura topográfica completa Código de barras Fecha visto por última vez Precio válido a partir de Tipo de ítem Koha Número de copia
        Monografías: Libros y Folletos General General Depósito 18.09.2009 LF1   V863.44 B533ma 8821-10 25.06.2020 25.06.2020 Préstamo en sala  
    Préstamo restringido Préstamo restrigido Monografías: Libros y Folletos General General Depósito 14.04.2010 LF1   V863.44 B533ma 8821-20 25.06.2020 25.06.2020 Préstamo en sala e.2

Powered by Koha